[Event "Woe is US!"]
[Site "SchemingMind.com"]
[Date "2018.11.28"]
[Round "-"]
[White "Black Knight"]
[Black "buddhastalin"]
[Result "0-1"]
[WhiteCountry "USA"]
[BlackCountry "USA"]
[WhiteElo "1341"]
[WhiteRD "56"]
[BlackElo "1630"]
[BlackRD "86"]
[GameID "435225"]

1. e4 e5 2. Nf3 Nc6 3. Bb5 a6 4. Bxc6 dxc6 5. O-O f6 6. d3 Bg4 7. Be3 Qd7 8. Nbd2 O-O-O 9. c4 Qxd3 10. Nb3 Qxc4
11. Qc1 Qxe4 12. Nbd2 Qg6 13. Qd1 Bb4 14. a3 Bxd2 15. Bxd2 Bxf3 16. Qxf3 Rxd2 17. Rad1 Rxb2 18. Rd3 Ne7 19. Rfd1 Nd5 20. R3d2 Rxd2
21. Rxd2 Rd8 22. g3 Qb1+ 23. Kg2 f5 24. Rd1 Qxd1 25. Qxf5+ Kb8 26. Qxe5 Nf6 27. Qe7 Qd5+ 28. f3 Qa2+ 29. Kh3 Rd2 30. g4 Rxh2+
31. Kg3 Qf2+
0-1

[Event "Woe is US!"]
[Site "SchemingMind.com"]
[Date "2018.11.28"]
[Round "-"]
[White "buddhastalin"]
[Black "Black Knight"]
[Result "1-0"]
[WhiteCountry "USA"]
[BlackCountry "USA"]
[WhiteElo "1654"]
[WhiteRD "91"]
[BlackElo "1309"]
[BlackRD "52"]
[GameID "435226"]

1. e4 c5 2. Nf3 d6 3. c3 Nf6 4. Be2 Bg4 5. O-O e5 6. h3 Bxf3 7. Bxf3 Be7 8. d3 O-O 9. Be2 Nc6 10. f4 Nd7
11. f5 f6 12. Bh5 Kh8 13. Qe1 d5 14. Qh4 Bd6 15. Bg6 h6 16. Bxh6 Kg8 17. Bxg7 Kxg7 18. Qh7#
1-0

[Event "Woe is US!"]
[Site "SchemingMind.com"]
[Date "2018.11.30"]
[Round "-"]
[White "Black Knight"]
[Black "kenneth m day"]
[Result "1-0"]
[WhiteCountry "USA"]
[BlackCountry "USA"]
[WhiteElo "1301"]
[WhiteRD "52"]
[BlackElo "1735"]
[BlackRD "57"]
[GameID "435347"]

1. e4 e5 2. Nf3 Nc6 3. Bb5 Nf6 4. Bxc6 dxc6 5. O-O Bg4 6. d3 Bd6 7. Bg5 O-O 8. Nbd2 h6 9. Bxf6 Qxf6 10. Qe2 Qg6
11. Rfe1 f5 12. a3 fxe4 13. Qxe4 Bf5 14. Qc4+ Be6 15. Qc3 Rae8 16. Nxe5 Qh5 17. Nef3 Bd5 18. Ne4 Bxe4 19. Rxe4 Rxe4 20. dxe4 Qg6
21. e5 Be7 22. Qc4+ Kh8 23. Kh1 Qf5 24. Re1 Qh5 25. Qe4 Rf5 26. g4
1-0

[Event "Woe is US!"]
[Site "SchemingMind.com"]
[Date "2018.11.30"]
[Round "-"]
[White "kenneth m day"]
[Black "Black Knight"]
[Result "1-0"]
[WhiteCountry "USA"]
[BlackCountry "USA"]
[WhiteElo "1735"]
[WhiteRD "57"]
[BlackElo "1301"]
[BlackRD "52"]
[GameID "435348"]

1. e4 c5 2. d4 cxd4 3. c3 dxc3 4. Nxc3 e5 5. Nf3 Nc6 6. Bc4 Bb4 7. Bd2 Nf6 8. Qe2 Nd4 9. Nxd4 exd4 10. Nb5 Bxd2+
11. Qxd2 a6 12. Nd6+ Ke7 13. Qxd4 Qc7 14. Rd1 Ne8 15. Nf5+ Kd8 16. O-O b5 17. Bxf7 d6 18. Bd5 Bb7 19. Rc1 Qd7 20. Qb6+ Nc7
21. Qxb7 Rc8 22. Bc6 Qf7 23. Nxd6 Qe7 24. Qxc8#
1-0

[Event "Woe is US!"]
[Site "SchemingMind.com"]
[Date "2018.12.01"]
[Round "-"]
[White "buddhastalin"]
[Black "kenneth m day"]
[Result "0-1"]
[WhiteCountry "USA"]
[BlackCountry "USA"]
[WhiteElo "1621"]
[WhiteRD "90"]
[BlackElo "1748"]
[BlackRD "54"]
[GameID "435349"]

1. e4 e5 2. Nf3 Nc6 3. d4 exd4 4. Bc4 Nf6 5. e5 d5 6. Bb5 Ne4 7. Nxd4 Bd7 8. Nxc6 bxc6 9. Bd3 Be7 10. Nd2 O-O
11. Nxe4 dxe4 12. Bxe4 f5 13. Bf3 Re8 14. O-O Rb8 15. b3 Bg5 16. Bb2 Qe7 17. Qd4 Be6 18. Bxc6 Red8 19. Qxa7 Rb6
0-1

[Event "Woe is US!"]
[Site "SchemingMind.com"]
[Date "2018.11.30"]
[Round "-"]
[White "kenneth m day"]
[Black "buddhastalin"]
[Result "1-0"]
[WhiteCountry "USA"]
[BlackCountry "USA"]
[WhiteElo "1732"]
[WhiteRD "54"]
[BlackElo "1644"]
[BlackRD "83"]
[GameID "435350"]

1. e4 d5 2. exd5 Nf6 3. d4 Bg4 4. Nf3 Qxd5 5. Be2 Nc6 6. Nc3 Qh5 7. h3 O-O-O 8. Be3 e5 9. Qd2 exd4 10. Nxd4 Bxe2
11. Qxe2 Qxe2+ 12. Ndxe2 Bb4 13. a3 Bd6 14. O-O Rhe8 15. Rad1 Ne4 16. Nxe4 Rxe4 17. Rfe1 Ne5 18. Nc3 Rc4 19. f4 Ng6 20. f5 Nf4
21. Rd4 Rxd4 22. Bxd4 Bxa3 23. Bxg7 Bxb2 24. Re7 Rg8 25. Be5 Nxg2 26. Rxc7+ Kd8 27. Kf2 Bxc3 28. Rxc3 b5 29. Rc7 a5 30. Ra7
1-0

[Event "Woe is US!"]
[Site "SchemingMind.com"]
[Date "2018.12.02"]
[Round "-"]
[White "Black Knight"]
[Black "Transcendent"]
[Result "0-1"]
[WhiteCountry "USA"]
[BlackCountry "ENG"]
[WhiteElo "1301"]
[WhiteRD "52"]
[BlackElo "1526"]
[BlackRD "82"]
[GameID "435476"]

1. e4 e6 2. e5 d5 3. d4 c5 4. Nf3 cxd4 5. Nxd4 Nc6 6. Bb5 Bd7 7. Bxc6 bxc6 8. Nc3 c5 9. Nf3 Ne7 10. O-O Nc6
11. Re1 Be7 12. b3 O-O 13. Bb2 f6 14. Nb5 d4 15. c3 Nxe5 16. cxd4 Nxf3+ 17. gxf3 Bxb5 18. a4 Bc6 19. dxc5 Bxc5 20. Rxe6 Qxd1+
21. Rxd1 Bxf3 22. Bd4 Bxd1 23. Bxc5 Rfe8 24. Rd6 Bxb3 25. a5 Rec8 26. Be3 h5
0-1

[Event "Woe is US!"]
[Site "SchemingMind.com"]
[Date "2018.12.02"]
[Round "-"]
[White "Transcendent"]
[Black "Black Knight"]
[Result "1-0"]
[WhiteCountry "ENG"]
[BlackCountry "USA"]
[WhiteElo "1482"]
[WhiteRD "82"]
[BlackElo "1256"]
[BlackRD "50"]
[GameID "435477"]

1. e4 c5 2. Nf3 d6 3. d4 cxd4 4. Nxd4 e5 5. Nb5 Nc6 6. N1c3 a6 7. Na3 Nf6 8. Bg5 Be7 9. Bxf6 Bxf6 10. Nd5 Be6
11. Bc4 b5 12. Bb3 O-O 13. O-O Nd4 14. c3 Bxd5 15. Bxd5 Rc8 16. cxd4 exd4 17. Rc1 Rc5 18. Nc2 Re8 19. f3 Be5 20. Qd2 d3
21. Qxd3 Bxb2 22. Rb1 Be5 23. Ne3 Rc3 24. Qe2 Qf6 25. Ng4 Qg5 26. Nxe5 dxe5 27. a4 b4 28. Rxb4 Rc1 29. Rb7 Rxf1+ 30. Qxf1 Kh8
31. Rxf7 h6 32. g3 Qe3+ 33. Kg2 Qd2+ 34. Qf2
1-0

[Event "Woe is US!"]
[Site "SchemingMind.com"]
[Date "2018.12.03"]
[Round "-"]
[White "Transcendent"]
[Black "kenneth m day"]
[Result "0-1"]
[WhiteCountry "ENG"]
[BlackCountry "USA"]
[WhiteElo "1226"]
[WhiteRD "68"]
[BlackElo "1748"]
[BlackRD "54"]
[GameID "435480"]

1. d4 d5 2. c4 c6 3. Nf3 Nf6 4. Qc2 e6 5. g3 Nbd7 6. Bg2 Be7 7. O-O O-O 8. b3 Ne4 9. Nfd2 Ndf6 10. f3 Nd6
11. Bb2 Bd7 12. e4 dxe4 13. fxe4 Ng4 14. Qc3 Ne8 15. h3 Ngf6 16. e5 Nh5 17. Ne4 f6 18. g4 fxe5 19. Rxf8+ Bxf8 20. gxh5 exd4
21. Qxd4 h6 22. Nbd2 Qe7 23. Rf1 e5
0-1

[Event "Woe is US!"]
[Site "SchemingMind.com"]
[Date "2018.12.03"]
[Round "-"]
[White "kenneth m day"]
[Black "Transcendent"]
[Result "1-0"]
[WhiteCountry "USA"]
[BlackCountry "ENG"]
[WhiteElo "1748"]
[WhiteRD "54"]
[BlackElo "1226"]
[BlackRD "68"]
[GameID "435481"]

1. e4 e6 2. d4 d5 3. Nd2 Nf6 4. e5 Nfd7 5. Bd3 c5 6. c3 Nc6 7. Qg4 cxd4 8. cxd4 Nb6 9. Ne2 f6 10. O-O fxe5
11. dxe5 Nxe5 12. Qh5+ Nf7 13. Nf3 Nd7 14. Ned4 Nf6 15. Qh4 Be7 16. Qg3 O-O 17. Re1 Bd6 18. Bf4 Bxf4 19. Qxf4 Re8 20. Ne5 Nxe5
21. Rxe5 Qb6 22. b3 Rf8 23. Qh4 g6 24. Nf3 Qc7 25. Ree1 Bd7 26. Rac1
1-0

[Event "Woe is US!"]
[Site "SchemingMind.com"]
[Date "2018.12.09"]
[Round "-"]
[White "Black Knight"]
[Black "ray winteringham"]
[Result "0-1"]
[WhiteCountry "USA"]
[BlackCountry "ENG"]
[WhiteElo "1301"]
[WhiteRD "52"]
[BlackElo "1463"]
[BlackRD "51"]
[GameID "435775"]

1. e4 e5 2. f4 c6 3. d4 d6 4. Nf3 Bg4 5. Be2 f6 6. fxe5 dxe5 7. dxe5 Qxd1+ 8. Bxd1 Be7 9. Nc3 Bc5 10. Be3 Bxe3
11. Be2 Bxf3 12. Bxf3 fxe5 13. Nd1 Bc5 14. Nc3 Nd7 15. O-O-O O-O-O 16. g4 g5 17. h4 Ne7 18. hxg5 Be3+ 19. Kb1 Bxg5 20. Rh5 Bf4
21. g5 Ng6 22. Ne2 Nf6 23. Rxd8+ Rxd8 24. Nxf4 Nxh5 25. Nxh5 Nh4 26. Bg4+ Kc7 27. Nf6 Ng6 28. Nxh7 Rd4 29. c3 Rxe4 30. Bf5 Re1+
31. Kc2 Ne7 32. Be6 Rg1 33. b4 Kd6 34. Bc4 e4 35. Nf8 Rxg5 36. Ne6 Rg2+ 37. Kb3 e3 38. Nf4 Rh2 39. Ne2 Ng6 40. Bd3 Ne5
41. Nc1 Nxd3 42. Nxd3 Kd5 43. a4 Ke4 44. Nc5+ Kf3 45. Nd3 e2 46. Kc4 Ke3 47. Ne1 Rh1 48. Nd3 Rh4+
0-1

[Event "Woe is US!"]
[Site "SchemingMind.com"]
[Date "2018.12.09"]
[Round "-"]
[White "ray winteringham"]
[Black "Black Knight"]
[Result "1-0"]
[WhiteCountry "ENG"]
[BlackCountry "USA"]
[WhiteElo "1463"]
[WhiteRD "51"]
[BlackElo "1301"]
[BlackRD "52"]
[GameID "435776"]

1. e4 c5 2. Nf3 e6 3. Be2 Nc6 4. d3 Be7 5. Bd2 d6 6. c4 Nf6 7. O-O O-O 8. a3 Bd7 9. Nc3 Nd4 10. h3 Qc8
11. b4 Nxf3+ 12. Bxf3 e5 13. b5 b6 14. a4 Be6 15. a5 Bd8 16. a6 Be7 17. Be2 Bxh3 18. f4 Bg4 19. f5 Bxe2 20. Qxe2 h6
21. Qf2 Ng4 22. Qg3 h5 23. Rf3 Qd8 24. Qh3 Bg5 25. Bc1 Bxc1 26. Rxc1 Nf6 27. Nd5 Nxd5 28. cxd5 g6 29. g4 Qg5 30. Rcf1 f6
31. Rg3 Kf7 32. gxh5 Qh6 33. Rxg6 Qh7 34. Rf2 Rg8 35. Rfg2 Raf8 36. Qh4 Ke8 37. Rxf6 Rxg2+ 38. Kxg2 Qg7+ 39. Rg6 Qh7 40. Kf3 Rg8
41. Rxd6 Qg7 42. Qd8+ Kf7 43. Rd7#
1-0

[Event "Woe is US!"]
[Site "SchemingMind.com"]
[Date "2018.12.10"]
[Round "-"]
[White "Transcendent"]
[Black "ray winteringham"]
[Result "0-1"]
[WhiteCountry "ENG"]
[BlackCountry "ENG"]
[WhiteElo "1257"]
[WhiteRD "64"]
[BlackElo "1481"]
[BlackRD "50"]
[GameID "435777"]

1. e4 c5 2. Nf3 Nc6 3. d4 cxd4 4. Nxd4 Nxd4 5. Qxd4 f6 6. c4 e5 7. Qd1 Bc5 8. Be2 Qb6 9. O-O Ne7 10. Nc3 Bd4
11. Qc2 d6 12. a3 O-O 13. b4 Be6 14. Bb2 f5
0-1

[Event "Woe is US!"]
[Site "SchemingMind.com"]
[Date "2018.12.10"]
[Round "-"]
[White "ray winteringham"]
[Black "Transcendent"]
[Result "1-0"]
[WhiteCountry "ENG"]
[BlackCountry "ENG"]
[WhiteElo "1481"]
[WhiteRD "50"]
[BlackElo "1257"]
[BlackRD "64"]
[GameID "435778"]

1. e4 e6 2. d4 d5 3. Qe2 dxe4 4. Qxe4 Nf6 5. Qd3 Be7 6. Be3 O-O 7. Be2 b6 8. Bf3 c6 9. Qc3 Nd5 10. Qd2 Bb7
11. Ne2 Qc7 12. g3 Nxe3 13. fxe3 c5 14. Bxb7 Qxb7 15. Rg1
1-0

[Event "Woe is US!"]
[Site "SchemingMind.com"]
[Date "2018.12.11"]
[Round "-"]
[White "buddhastalin"]
[Black "ray winteringham"]
[Result "1-0"]
[WhiteCountry "USA"]
[BlackCountry "ENG"]
[WhiteElo "1654"]
[WhiteRD "91"]
[BlackElo "1481"]
[BlackRD "50"]
[GameID "435779"]

1. e4 e5 2. Nf3 Nc6 3. d4 d6 4. Bb5 Bd7 5. Nc3 a6 6. Ba4 b5 7. Bb3 h6 8. O-O Be7 9. Nd5 a5 10. Nxe7 Ncxe7
11. c3 f6 12. Re1 Nc8 13. Nxe5 dxe5 14. Qh5+ Ke7 15. Qf7+ Kd6 16. dxe5+ Kc6 17. Qd5+ Kb6 18. Be3+ Ka6 19. Qxa8+ Na7 20. Qxa7#
1-0

[Event "Woe is US!"]
[Site "SchemingMind.com"]
[Date "2018.12.11"]
[Round "-"]
[White "ray winteringham"]
[Black "buddhastalin"]
[Result "0-1"]
[WhiteCountry "ENG"]
[BlackCountry "USA"]
[WhiteElo "1499"]
[WhiteRD "49"]
[BlackElo "1630"]
[BlackRD "86"]
[GameID "435780"]

1. e4 e5 2. Nc3 Nc6 3. d3 Bc5 4. Nf3 Nf6 5. Be2 a6 6. h3 d6 7. O-O O-O 8. a3 h6 9. b4 Ba7 10. Bd2 Be6
11. Na4 Ne7 12. c4 Qd7 13. Nb2 Ng6 14. d4 exd4 15. Qc1 Nxe4 16. Bxh6 gxh6 17. Qxh6 Nc3 18. Bd3 Bf5 19. Ng5 Nf4 20. Nxf7 Nxd3
21. Nxd3 Bxd3 22. Qh8+ Kxf7 23. Qh5+ Bg6 24. Qf3+ Kg7 25. Qxb7 d3 26. Rac1 Ne2+
0-1

[Event "Woe is US!"]
[Site "SchemingMind.com"]
[Date "2018.12.09"]
[Round "-"]
[White "kenneth m day"]
[Black "ray winteringham"]
[Result "1-0"]
[WhiteCountry "USA"]
[BlackCountry "ENG"]
[WhiteElo "1735"]
[WhiteRD "57"]
[BlackElo "1463"]
[BlackRD "51"]
[GameID "435781"]

1. e4 e5 2. f4 c6 3. Nf3 d5 4. exd5 e4 5. Ne5 cxd5 6. Nc3 Be6 7. Bb5+ Bd7 8. Qe2 f6 9. Nxd7 Nxd7 10. Nxd5 f5
11. d3 Qa5+ 12. Nc3 Bb4 13. Bxd7+ Kxd7 14. Bd2 Ne7 15. O-O Ke6 16. dxe4 Kf6 17. a3 Bc5+ 18. Kh1 Qc7 19. Rad1 Rhe8 20. Be1 Bd6
21. e5+ Bxe5 22. fxe5+ Qxe5 23. Bh4+ Ke6 24. Qxe5+ Kxe5 25. Rfe1+ Kf4 26. Rd4#
1-0

[Event "Woe is US!"]
[Site "SchemingMind.com"]
[Date "2018.12.09"]
[Round "-"]
[White "ray winteringham"]
[Black "kenneth m day"]
[Result "0-1"]
[WhiteCountry "ENG"]
[BlackCountry "USA"]
[WhiteElo "1463"]
[WhiteRD "51"]
[BlackElo "1735"]
[BlackRD "57"]
[GameID "435782"]

1. e4 e5 2. Nc3 Nf6 3. d4 Nc6 4. Nf3 exd4 5. Nxd4 Bc5 6. Be3 Qe7 7. f3 O-O 8. Bd3 Nxd4 9. Qd2 d5 10. O-O-O c6
11. b3 Ba3+ 12. Kb1 Ne6 13. Bf2 a5 14. h3 b5 15. Ka1 a4 16. e5 Nd7 17. Nb1 axb3 18. cxb3 Bb4 19. Qc2 Nxe5 20. Bxh7+ Kh8
21. Bd3 Nxd3 22. Rxd3 Qf6+ 23. Qb2 Qxb2+ 24. Kxb2 Bd7 25. a3 Be7 26. g3 Bf6+ 27. Ka2 Kg8 28. b4 Nc7 29. Nd2 Na6 30. Rb3 Be6
31. Re3 d4+ 32. Rxe6 fxe6 33. Ne4 Nxb4+
0-1

[Event "Woe is US!"]
[Site "SchemingMind.com"]
[Date "2018.12.11"]
[Round "-"]
[White "Black Knight"]
[Black "barbafish"]
[Result "0-1"]
[WhiteCountry "USA"]
[BlackCountry "SWE"]
[WhiteElo "1332"]
[WhiteRD "53"]
[BlackElo "1886"]
[BlackRD "119"]
[GameID "435922"]

1. d4 d5 2. c4 c6 3. c5 Nf6 4. Bg5 Nbd7 5. Nf3 e6 6. e3 Be7 7. Nc3 O-O 8. Bd3 b6 9. cxb6 axb6 10. Ne5 Qc7
11. O-O Nxe5 12. dxe5 Qxe5 13. Bxf6 Qxf6 14. Ne2 e5 15. Ng3 e4 16. Bc2 Qg6 17. Qh5 Qf6 18. Qe2 Ba6 19. Qg4 Bxf1 20. Rxf1 Qe6
21. Qe2 Rxa2 22. Bb3 Ra7 23. h3 f5 24. Qd2 g5 25. Ne2 Bd6 26. Nd4 Qd7 27. Rc1 Rc7 28. Bd1 c5 29. Nb3 Be5 30. Bh5 Kg7
31. Qe2 c4 32. Nd4 Bxd4 33. exd4 h6 34. Rc2 b5 35. f3 Qe7 36. f4 gxf4 37. Qe1 Qg5 38. Qe2 f3 39. Bxf3 Re7 40. Bh5 f4
41. Qg4 Qxg4 42. hxg4 e3 43. Re2 Re4
0-1

[Event "Woe is US!"]
[Site "SchemingMind.com"]
[Date "2018.12.11"]
[Round "-"]
[White "barbafish"]
[Black "Black Knight"]
[Result "1-0"]
[WhiteCountry "SWE"]
[BlackCountry "USA"]
[WhiteElo "1855"]
[WhiteRD "134"]
[BlackElo "1301"]
[BlackRD "52"]
[GameID "435923"]

1. d4 d5 2. c4 Nf6 3. cxd5 Qxd5 4. Nc3 Qd8 5. e4 e6 6. Nf3 Bb4 7. Bd3 O-O 8. O-O Bxc3 9. bxc3 b6 10. e5 Nfd7
11. Bxh7+ Kh8 12. Be4 c6 13. Ng5 g6 14. Qg4 Rg8 15. Qh4+
1-0

[Event "Woe is US!"]
[Site "SchemingMind.com"]
[Date "2018.12.11"]
[Round "-"]
[White "buddhastalin"]
[Black "barbafish"]
[Result "1-0"]
[WhiteCountry "USA"]
[BlackCountry "SWE"]
[WhiteElo "1644"]
[WhiteRD "83"]
[BlackElo "1663"]
[BlackRD "99"]
[GameID "435926"]

1. e4 d6 2. d4 Nf6 3. Nc3 g6 4. f4 Bg7 5. Nf3 O-O 6. h3 c5 7. Be3 cxd4 8. Nxd4 Nc6 9. Qd2 Bd7 10. O-O-O Rc8
11. g4 Nxd4 12. Bxd4
1-0

[Event "Woe is US!"]
[Site "SchemingMind.com"]
[Date "2018.12.11"]
[Round "-"]
[White "barbafish"]
[Black "buddhastalin"]
[Result "0-1"]
[WhiteCountry "SWE"]
[BlackCountry "USA"]
[WhiteElo "1663"]
[WhiteRD "99"]
[BlackElo "1644"]
[BlackRD "83"]
[GameID "435927"]

1. d4 Nf6 2. c4 e6 3. Nc3 d5 4. cxd5 exd5 5. Bg5 c6 6. e3 Bb4 7. Bd3 Be6 8. Qc2 Nbd7 9. Nf3 O-O 10. Ne5 Qa5
11. Nxd7 Nxd7 12. Bxh7+ Kh8 13. Bd3 c5
0-1

[Event "Woe is US!"]
[Site "SchemingMind.com"]
[Date "2018.12.11"]
[Round "-"]
[White "kenneth m day"]
[Black "barbafish"]
[Result "1-0"]
[WhiteCountry "USA"]
[BlackCountry "SWE"]
[WhiteElo "1732"]
[WhiteRD "54"]
[BlackElo "1663"]
[BlackRD "99"]
[GameID "435928"]

1. e4 d6 2. d4 Nf6 3. Nc3 g6 4. Nf3 Bg7 5. Be2 O-O 6. h3 c6 7. Be3 b5 8. a3 Bb7 9. Qd2 Re8 10. O-O Nbd7
11. Rad1 a6 12. Bh6 Qc7 13. Rfe1 c5 14. Bxg7 Kxg7 15. Qe3 b4 16. axb4 cxb4 17. Nd5 Bxd5 18. exd5 Nxd5 19. Qd3 Nf4 20. Qd2 Nxe2+
21. Rxe2 a5 22. Qf4 Nf6 23. Rde1 e6 24. Qd2 Rec8 25. Rc1 Qc4 26. c3 b3 27. Rce1 a4 28. Ra1
1-0

[Event "Woe is US!"]
[Site "SchemingMind.com"]
[Date "2018.12.11"]
[Round "-"]
[White "barbafish"]
[Black "kenneth m day"]
[Result "0-1"]
[WhiteCountry "SWE"]
[BlackCountry "USA"]
[WhiteElo "1754"]
[WhiteRD "105"]
[BlackElo "1760"]
[BlackRD "54"]
[GameID "435929"]

1. d4 d5 2. c4 c6 3. Nc3 Nf6 4. e3 Bf5 5. Nf3 Nbd7 6. Be2 e6 7. O-O Bd6 8. b3 O-O 9. Bb2 Re8 10. Rc1 Rc8
11. c5 Bc7 12. b4 b6 13. Re1 bxc5 14. bxc5 Rb8 15. Ba1 h6 16. Bd3 Bxd3 17. Qxd3 e5 18. Qa6 exd4 19. exd4 Qc8 20. Rxe8+ Nxe8
21. Qxc8 Rxc8 22. Ne2 Nef6 23. Ng3 Ne4 24. Rb1 Ndf6 25. Ne5 Nxg3 26. hxg3 Bxe5 27. dxe5 Ne4 28. Bd4 Rc7
0-1

[Event "Woe is US!"]
[Site "SchemingMind.com"]
[Date "2018.12.11"]
[Round "-"]
[White "ray winteringham"]
[Black "barbafish"]
[Result "0-1"]
[WhiteCountry "ENG"]
[BlackCountry "SWE"]
[WhiteElo "1523"]
[WhiteRD "51"]
[BlackElo "1886"]
[BlackRD "119"]
[GameID "435930"]

1. d4 d5 2. Nf3 Nf6 3. e3 e6 4. Be2 c5 5. O-O Nc6 6. c3 Bd6 7. b3 O-O 8. Bb2 Qe7 9. Nbd2 b6 10. h3 Bb7
11. a3 e5 12. dxe5 Nxe5 13. c4 Rad8 14. Qc2 dxc4 15. Nxc4 Nxc4 16. Qxc4 a6 17. a4 Rfe8 18. Qc2 Nd5 19. Bd3 h6 20. Qe2 Nf4
21. Qc2 Nxd3 22. Qc3 Nxb2 23. Qxb2 Bxf3 24. gxf3 Be5 25. Qb1 Bxa1 26. Qxa1 Qg5+ 27. Kh2 Qe5+ 28. Qxe5 Rxe5 29. f4 Red5
0-1

[Event "Woe is US!"]
[Site "SchemingMind.com"]
[Date "2018.12.11"]
[Round "-"]
[White "barbafish"]
[Black "ray winteringham"]
[Result "1-0"]
[WhiteCountry "SWE"]
[BlackCountry "ENG"]
[WhiteElo "1903"]
[WhiteRD "126"]
[BlackElo "1481"]
[BlackRD "50"]
[GameID "435931"]

1. d4 d5 2. c4 dxc4 3. e4 e6 4. Bxc4 Bd7 5. Nf3 g6 6. Nc3 Bg7 7. Bg5 Ne7 8. O-O Nbc6 9. Qd2 a6 10. a4 O-O
11. Rac1 Kh8 12. d5 exd5 13. exd5 Na5 14. Ba2 Bxc3 15. Qxc3+ Kg8 16. Bh6 b6 17. Qg7#
1-0

[Event "Woe is US!"]
[Site "SchemingMind.com"]
[Date "2018.12.16"]
[Round "-"]
[White "Black Knight"]
[Black "Karpovski"]
[Result "0-1"]
[WhiteCountry "USA"]
[BlackCountry "SCO"]
[WhiteElo "1309"]
[WhiteRD "52"]
[BlackElo "1950"]
[BlackRD "130"]
[GameID "436048"]

1. e4 c6 2. d4 d5 3. e5 Bf5 4. Bd3 Bxd3 5. Qxd3 e6 6. Nf3 Nd7 7. Nc3 c5 8. Be3 Qb6 9. O-O c4 10. Qe2 Qxb2
11. Qd2 Bb4 12. Rab1 Qxc3 13. Qxc3 Bxc3 14. Rfd1 Nb6 15. Bd2 Bxd2 16. Rxd2 Ne7 17. c3 O-O 18. Rb5 h6 19. Rbb2 Na4 20. Rxb7 Rab8
21. Rb4 Nc6 22. Rxb8 Rxb8 23. h4 Rb1+ 24. Kh2 Nxc3 25. Rc2 Nb5 26. Nd2 Nbxd4 27. Rc3 Rb2 28. Nf3 Nxf3+ 29. Rxf3 Rxa2
0-1

[Event "Woe is US!"]
[Site "SchemingMind.com"]
[Date "2018.12.15"]
[Round "-"]
[White "Karpovski"]
[Black "Black Knight"]
[Result "1-0"]
[WhiteCountry "SCO"]
[BlackCountry "USA"]
[WhiteElo "1935"]
[WhiteRD "136"]
[BlackElo "1256"]
[BlackRD "50"]
[GameID "436049"]

1. c4 e5 2. g3 Nf6 3. Bg2 Nc6 4. Nc3 Bb4 5. Nd5 Nxd5 6. cxd5 Nd4 7. e3 Nb5 8. Qa4 a5 9. Qxb5 c6 10. dxc6 dxc6
11. Qxe5+ Qe7 12. Qxg7 Qf8 13. Qe5+ Be6 14. Ne2 Qd6 15. Qxh8+ Qf8 16. Qxh7 O-O-O 17. a3 Bd6 18. d4 Qh8 19. Qxh8 Rxh8 20. h4 Rh5
21. Nf4 Bxf4 22. gxf4 f5 23. Bf3 Rh6 24. Bd2
1-0

[Event "Woe is US!"]
[Site "SchemingMind.com"]
[Date "2018.12.18"]
[Round "-"]
[White "buddhastalin"]
[Black "Karpovski"]
[Result "0-1"]
[WhiteCountry "USA"]
[BlackCountry "SCO"]
[WhiteElo "1630"]
[WhiteRD "86"]
[BlackElo "2029"]
[BlackRD "120"]
[GameID "436052"]

1. e4 c6 2. d4 d5 3. Nc3 dxe4 4. Nxe4 Bf5 5. Ng3 Be6 6. Nf3 Nf6 7. Bd3 g6 8. O-O Bg7 9. c3 O-O 10. Bg5 Nbd7
11. Re1 Qb6 12. b3 Rfe8 13. Re2 Bg4 14. Re3 Nd5 15. Re1 Nxc3 16. Qc2 Bxf3 17. gxf3 Bxd4
0-1

[Event "Woe is US!"]
[Site "SchemingMind.com"]
[Date "2018.12.18"]
[Round "-"]
[White "Karpovski"]
[Black "buddhastalin"]
[Result "1-0"]
[WhiteCountry "SCO"]
[BlackCountry "USA"]
[WhiteElo "2029"]
[WhiteRD "120"]
[BlackElo "1630"]
[BlackRD "86"]
[GameID "436053"]

1. c4 Nf6 2. Nf3 c6 3. Nc3 d5 4. e3 e6 5. d4 dxc4 6. Bxc4 b5 7. Bd3 Bd6 8. e4 b4 9. e5 bxc3 10. bxc3 Bxe5
11. Nxe5 O-O 12. O-O Bb7 13. Rb1 Qc7 14. Qf3 Nbd7 15. Bf4 Qc8 16. Nc4 Nd5 17. Nd6
1-0

[Event "Woe is US!"]
[Site "SchemingMind.com"]
[Date "2018.12.16"]
[Round "-"]
[White "kenneth m day"]
[Black "Karpovski"]
[Result "0-1"]
[WhiteCountry "USA"]
[BlackCountry "SCO"]
[WhiteElo "1732"]
[WhiteRD "59"]
[BlackElo "1935"]
[BlackRD "136"]
[GameID "436054"]

1. e4 c6 2. c4 d5 3. cxd5 cxd5 4. exd5 Nf6 5. Nc3 Nxd5 6. Qf3 e6 7. d4 Nc6 8. Bb5 Bd6 9. Nxd5 exd5 10. Bd2 O-O
11. Qxd5 Be6 12. Qg5 Nxd4 13. Bd3 Re8 14. Ne2 Qxg5 15. Bxg5 Bg4 16. f3 Bxf3 17. Kf2 Bxe2 18. Be3 Bxd3 19. Bxd4 Re2+ 20. Kf1 Re4+
0-1

[Event "Woe is US!"]
[Site "SchemingMind.com"]
[Date "2018.12.15"]
[Round "-"]
[White "Karpovski"]
[Black "kenneth m day"]
[Result "1-0"]
[WhiteCountry "SCO"]
[BlackCountry "USA"]
[WhiteElo "1935"]
[WhiteRD "136"]
[BlackElo "1732"]
[BlackRD "59"]
[GameID "436055"]

1. c4 g6 2. g3 Bg7 3. Bg2 c5 4. Nc3 Nc6 5. e4 d6 6. Nge2 Bg4 7. h3 Bd7 8. Rb1 Nf6 9. d3 O-O 10. O-O Qc8
11. b3 Bxh3 12. Nd5 Nd4 13. Nxe7+ Kh8 14. Nxc8 Bxc8 15. Nxd4 cxd4 16. Bf4 Rd8 17. e5 dxe5 18. Bxe5 Rb8 19. Bxb8
1-0

[Event "Woe is US!"]
[Site "SchemingMind.com"]
[Date "2018.12.16"]
[Round "-"]
[White "ray winteringham"]
[Black "Karpovski"]
[Result "0-1"]
[WhiteCountry "ENG"]
[BlackCountry "SCO"]
[WhiteElo "1481"]
[WhiteRD "50"]
[BlackElo "1950"]
[BlackRD "130"]
[GameID "436056"]

1. d4 Nf6 2. Nc3 d5 3. e3 Bf5 4. Nf3 e6 5. a3 h6 6. Be2 c5 7. O-O Nc6 8. Bb5 c4 9. Bxc6+ bxc6 10. Ne5 Qc7
11. b4 Bd6 12. f4 O-O 13. h3 Ne4 14. Nxe4 Bxe4 15. c3 a5 16. Bb2 axb4 17. axb4 Rxa1 18. Qxa1 f6 19. Ng4 h5 20. Nf2 Bg6
21. g3 e5 22. Bc1 exd4 23. exd4 Re8 24. h4 Re2 25. Ba3 Qe7 26. Qb1 Bxb1
0-1

[Event "Woe is US!"]
[Site "SchemingMind.com"]
[Date "2018.12.15"]
[Round "-"]
[White "Karpovski"]
[Black "ray winteringham"]
[Result "1-0"]
[WhiteCountry "SCO"]
[BlackCountry "ENG"]
[WhiteElo "1950"]
[WhiteRD "130"]
[BlackElo "1481"]
[BlackRD "50"]
[GameID "436057"]

1. c4 g6 2. Nc3 Bg7 3. g3 Nf6 4. Bg2 c6 5. e4 e5 6. Nge2 d6 7. d3 O-O 8. O-O Be6 9. b4 Nbd7 10. Rb1 b6
11. f4 Bg4 12. f5 a5 13. b5 c5 14. Be3 Nh5 15. Qd2 Qe7 16. Nd5 Qd8 17. Nec3 Nhf6 18. Bg5 Qb8 19. h3 Bh5 20. g4 Bxg4
21. hxg4 Nxg4 22. f6 Bxf6 23. Nxf6+ Ngxf6 24. Bxf6 Nxf6 25. Rxf6 Qd8 26. Nd5 Re8 27. Qh6 Re6 28. Rxf7 Kxf7 29. Qxh7+ Ke8 30. Rf1 Rc8
31. Qg8+ Kd7 32. Rf7+ Re7 33. Rxe7+ Qxe7 34. Nxb6+
1-0